| 000 | 01628nam a2200373 i 4500 | ||
|---|---|---|---|
| 001 | 181884 | ||
| 003 | ES-MaACL | ||
| 005 | 20250829133330.0 | ||
| 008 | 130506s2012 sp |||| |dspa d | ||
| 020 | _a978-84-8347-152-4 | ||
| 080 | _a930.85(460):37 | ||
| 080 | _a316.644(460):323.1 | ||
| 080 | _a378(460) | ||
| 080 | _a327.39(=134.2) | ||
| 100 | 1 |
_aAltamira, Rafael, _d1866-1951 _920515 |
|
| 245 | 1 | 0 |
_aRafael Altamira / _c[antología recopilada por] José Luis Abellán. |
| 260 |
_aMadrid : _bAgencia Española de Cooperación Internacional para el Desarrollo, Dirección de Relaciones Culturales y Científicas, _c[2012] |
||
| 300 |
_a95 p. ; _c23 cm. |
||
| 490 | 1 |
_aAntología del pensamiento político, social y económico español sobre América Latina ; _v16 |
|
| 490 | 1 | _aCiencias y humanismo | |
| 504 | _aBibliografía: p. 93-95. | ||
| 650 | 4 |
_aPatriotismo- _zEspaña. _9148636 |
|
| 650 | 4 |
_aEnseñanza superior- _zEspaña. _912318 |
|
| 650 | 7 |
_aHispanidad _2embne _9139321 |
|
| 651 | 4 |
_aEspaña- _xCivilización- _xEnseñanza. _9152684 |
|
| 700 | 1 |
_aAbellán, José Luis, _d1933-2023 _9176509 |
|
| 710 | 2 |
_aAgencia Española de Cooperación Internacional para el Desarrollo _9152192 |
|
| 830 | 1 | 0 |
_aAntología del pensamiento político, social y económico español sobre América Latina _v16 _9179360 |
| 830 | 1 | 0 |
_aCiencias y humanismo _9188923 |
| 852 |
_aES-MaACL _jN-5702 _zDedicatoria autógrafa de José Luis Abellán _9188792 _bR.148906 _cDEPO1 _dOlim: N-5702 |
||
| 903 |
_aAbellán, José Luis, _d1933-2023 _ednr _q1 _9176509 |
||
| 942 |
_2udc _cMONOGRAFIA |
||
| 999 |
_c181884 _d181884 |
||